000 01173 a2200229 4500
001 41863
005 20260407155709.0
008 260407a1969 arg spa d
003 AR-UNSa-BCEJYS
040 _aAR-UNSa-BCEJYS
_bspa
_cAR-UNSa-BCEJYS
080 _a16
_xLógica. Epistemología. Teoría del conocimiento
245 1 0 _aElementos de lógica moderna y filosofía
250 _a2a. ed.
264 1 _aBuenos Aires :
_bAngel Estrada
_c1969
300 _a393 p.
_c21 cm.
505 _a1. La filosofía - 2. Recursos metodológicos auxiliares - 3. La lógica formal - 4. Los términos - 5. Las proposiciones - 6. Los razonamientos - 7. Elementos de lógica proposicional - 8. Elementos de la lógica de predicados - 9. Elementos de lógica de las clases - 10. Elementos de lógica de las relaciones - 11. La definición - 12. Elementos de metodología - 13. Nociones de teoría del concocimiento - 14. Nociones sobre teoría de la verdad - 15. Nociones de ética - 16. Nociones de metafísica
041 _aspa
942 _cBK
590 _aniveau_biblio:m niveau_hierar:0
100 1 _aColacilli de Muro, María Angélica
700 1 _aColacilli de Muro, Julio C.
999 _c3538
_d3538